Japanese phrases for dummies (Record no. 55034)
[ view plain ]
| 000 -LEADER | |
|---|---|
| fixed length control field | 00691nam a2200253 a 4500 |
| 001 - CONTROL NUMBER | |
| control field | adlib96000001 |
| 003 - CONTROL NUMBER IDENTIFIER | |
| control field | ViArRB |
| 005 - DATE AND TIME OF LATEST TRANSACTION | |
| control field | 200902210153555.7 |
| 008 - FIXED-LENGTH DATA ELEMENTS--GENERAL INFORMATION | |
| fixed length control field | 960221s1955 dcuabcdjdbkoqu001 0deng d |
| 020 ## - INTERNATIONAL STANDARD BOOK NUMBER | |
| International Standard Book Number | 8126507187 |
| 022 ## - INTERNATIONAL STANDARD SERIAL NUMBER | |
| International Standard Serial Number | |
| 040 ## - CATALOGING SOURCE | |
| Original cataloging agency | Adlib |
| 082 ## - DEWEY DECIMAL CLASSIFICATION NUMBER | |
| Classification number | 811.521'373.74 |
| 100 ## - MAIN ENTRY--PERSONAL NAME | |
| Personal name | Sato, Erico |
| Relator term | |
| 245 ## - TITLE STATEMENT | |
| Title | Japanese phrases for dummies |
| 250 ## - EDITION STATEMENT | |
| Edition statement | |
| 260 ## - PUBLICATION, DISTRIBUTION, ETC. (IMPRINT) | |
| Place of publication, distribution, etc | New Delhi |
| Name of publisher, distributor, etc | Wiley India (P) Ltd |
| Date of publication, distribution, etc | 2006 |
| 300 ## - PHYSICAL DESCRIPTION | |
| Extent | ix, 204p. |
| Dimensions | |
| 500 ## - GENERAL NOTE | |
| General note | |
| 653 ## - INDEX TERM--UNCONTROLLED | |
| Uncontrolled term | Phrases- Japanese |
| -- | Japanese phrases |
| 700 ## - ADDED ENTRY--PERSONAL NAME | |
| Personal name | |
| -- | |
| 942 ## - ADDED ENTRY ELEMENTS (KOHA) | |
| Koha item type | Books |
| Withdrawn status | Lost status | Damaged status | Not for loan | Home library | Current library | Date acquired | Total Checkouts | Full call number | Barcode | Date last seen | Price effective from | Koha item type |
|---|---|---|---|---|---|---|---|---|---|---|---|---|
| University Library | University Library | 16/06/2010 | 811.521'373.74 SAT | 0059987S | 16/06/2010 | 16/06/2010 | Books |
